Jury Selection in Criminal Trials Skills, Science, and the Law /

Bibliographic Details
Main Author: Paciocco,, David M.
Other Authors: Tanovich, David M., Skurka, Steven
Format: eBook
Language:English
Published: Toronto: Irwin Law Inc., 1997
Subjects:
Online Access:Acceso restringido

MARC

LEADER 00000nam a22000007a 4500
005 2021083100480.0
007 cr|||| ||||
008 210831s1997 ca |||||s|||| 00||0 eng d
020 |a 9781459313682 
035 |a 35315 
040 |a vLex 
090 |c 12181  |d 12181 
100 1 |a Paciocco,, David M. 
245 1 0 |a Jury Selection in Criminal Trials  |h [Recurso electrn̤ico] :  |b Skills, Science, and the Law /  |c David M. Paciocco, David M. Tanovich, Steven Skurka 
256 |a Servicio en ln̕ea 
260 |a Toronto:  |b Irwin Law Inc.,  |c 1997 
300 |a 1 recurso electrn̤ico 
500 |a Jury Selection in Criminal Trials is the first publication in Irwin Law’s Canadian Legal Skills series. This practical guide for practitioners and the judiciary provides readers with guidance on all aspects of jury selection, from the initial decision to select trial by jury to challenges for cause and peremptory challenges. The authors, all experts in the field, provide commentary, examples, and pinpoint access to case law for both defence counsel and the Crown. The book examines the social science literature on jury selection and analyses actual selection processes in Canadian trials. 
506 1 |a Disponible solo en los productos indicados  |d vLex Global  |d vLex Global (Academic Edition, excluding Law Schools)  |d vLex Global (U.S. Academic Edition, Law Schools)  |d vLex Global (U.S. Academic Edition, excluding Law Schools)  |d vLex Global (Academic Edition, Law Schools) 
650 0 4 |a Derecho Penal  |z Canad̀ 
700 1 |a Tanovich, David M. 
700 1 |a Skurka, Steven 
740 0 |a vLex Libros (Servicio en ln̕ea) 
856 4 0 |u https://app.vlex.com/#/sources/35315  |z Acceso restringido 
942 |c BOOK 
999 0 |a Criminal law